| 000 | 01439nam a2200337 c 4500 | ||
|---|---|---|---|
| 003 | BLK | ||
| 005 | 20190610093756.0 | ||
| 008 | 180408b bul|||||r ||||||| ||bul|| | ||
| 010 | _aKNG00072602000 | ||
| 020 |
_a978-954-585-760-7 _bиздат.: Бард |
||
| 040 | _aBLK | ||
| 041 |
_aBUL _cBUL |
||
| 080 |
_aАмериканска литература (на САЩ) _b821.111(73) _x-312.9 _z821.111(73)-312.9 |
||
| 100 | 1 |
_aАндерсън, Кевин Дж. _eпърви автор _9366678 |
|
| 700 | 1 |
_aСтойнов, Юлиян _eпрев. _9363374 |
|
| 139 |
_aАндерсън, Кевин Дж. _bА 65 |
||
| 245 | 1 | 0 |
_aРазпръснати слънца _bРоман _cКевин Дж. Андерсън; прев. Юлиян Стойнов. |
| 257 | _aUSA | ||
| 260 |
_аСофия _bБард _c2007 |
||
| 300 |
_a592 с. _c20 см |
||
| 380 | _aX | ||
| 490 | 1 |
_aИзбрана световна фантастика _v136 |
|
| 500 | _aОриг. загл. The Saga of Seven Suns. B. 4. Scattered Suns / Kevin J. Anderson. - Офс. изд. - Съдържа и Речник на действащите лица и използваните термини. Кн. 4 от Сага за седемте слънца. | ||
| 653 | _aфантастика | ||
| 653 | _aромани | ||
| 852 | _aЦб 214162 | ||
| 856 | 4 |
_qpdf _u |
|
| 856 | 4 |
_qpdf _u |
|
| 942 |
_cKNG _n0 _01 |
||
| 944 |
_aCR _c08.03.2007 _kГеновева_Генчева |
||
| 944 |
_aED _c12.12.2007 _k |
||
| 999 |
_c68283 _d68283 |
||